| 000 | 00672nam a2200205Ia 4500 | ||
|---|---|---|---|
| 003 | GCL | ||
| 008 | 140319s9999 xx 000 0 ara d | ||
| 040 |
_aGCL / _cGCL |
||
| 082 | 0 | 4 |
_a327.114 _bك ح |
| 100 | 1 | _aكونت دى مارينشز | |
| 245 | 1 | 0 |
_aالحرب العالمية الرابعة: دبلوماسية وتجسس فى عصر الارهاب / _cكونت دى مارينشز |
| 700 | 1 | _aديفيد ا0اندلمان | |
| 260 |
_a[S.N] : _bمكتبة مدبولى ، _c1993 |
||
| 300 | _a415 ص | ||
| 490 | _a | ||
| 650 | 0 | 4 | _aالمخابرات |
| 650 | 0 | 4 | _aالعلاقات الخارجية |
| 650 | 0 | 4 | _aالامن القومى |
| 942 |
_2ddc _cBK |
||
| 999 |
_c48070 _d48070 |
||